000 00510nam a22002051a 4500
001 2734
003 OSt
005 20260204211824.0
008 040323s1979||||dr ||||||b||||||||||spa||
050 _aRD 510 B145m
082 _aRD 510 B145m
100 _aBáez de Erazo, Melba
245 _aMatemática básica II / Melba Báez de Erazo
250 _a2
264 _aSanto Domingo : Alfa y Omega
300 _a195 p.
650 _a1.Matemática
700 _aTaveras de Frías, RayitaÌ
942 _2ddc
_cBK
999 _c2734
_d2734